Nociones de doctrina social católica / (Record no. 113517)

MARC details
000 -LEADER
campo de control de longitud fija 00784nam a2200241 4500
001 - NÚMERO DE CONTROL
campo de control 113517
003 - IDENTIFICADOR DE NÚMERO DE CONTROL
campo de control ES-MaACL
005 - FECHA Y HORA DE LA ÚLTIMA TRANSACCIÓN
campo de control 20250727034609.0
007 - CAMPO FIJO DE DESCRIPCIÓN FÍSICA--INFORMACIÓN GENERAL
campo de control de longitud fija t|
008 - DATOS DE LONGITUD FIJA--INFORMACIÓN GENERAL
campo de control de longitud fija 061121s1959 sp r ||||1| spa d
245 00 - MENCIÓN DEL TÍTULO
Título Nociones de doctrina social católica /
Mención de responsabilidad, etc. recopiladas por Luis Cortés, Luis Antonio Sobreroca.
250 ## - MENCION DE EDICION
Mención de edición 4ª ed. reformada y aumentada.
260 ## - PUBLICACIÓN, DISTRIBUCIÓN, ETC.
Lugar de publicación, distribución, etc. Madrid :
Nombre del editor, distribuidor, etc. Fax,
Fecha de publicación, distribución, etc. 1959.
300 ## - DESCRIPCIÓN FÍSICA
Extensión 94 p. ;
Dimensiones 16 cm.
490 1# - MENCIÓN DE SERIE
Mención de serie Biblioteca Fomento Social
650 #7 - PUNTO DE ACCESO ADICIONAL DE MATERIA--TÉRMINO DE MATERIA
Término de materia o nombre geográfico como elemento de entrada Iglesia y problemas sociales
Fuente del encabezamiento o término embne
9 (RLIN) 13569
700 1# - ENTRADA AGREGADA--NOMBRE PERSONAL
Nombre de persona Cortés, Luis.
9 (RLIN) 40866
700 1# - ENTRADA AGREGADA--NOMBRE PERSONAL
Nombre de persona Sobreroca Ferrer, Luis Antonio.
9 (RLIN) 107000
710 2# - ENTRADA AGREGADA--NOMBRE DE ENTIDAD CORPORATIVA
Nombre de entidad corporativa o nombre de jurisdicción como elemento de entrada Fomento Social (Madrid)
9 (RLIN) 171603
830 1# - PUNTO DE ACCESO ADICIONAL DE SERIE-TÍTULO UNIFORME
Título uniforme Biblioteca Fomento Social
9 (RLIN) 181200
852 ## - LOCALIZACIÓN
Ubicación ES-MaACL
Número de control de estantería C-17506
Holdings
Estatus retirado Estado de pérdida Estado de daño No para préstamo Biblioteca de origen Biblioteca actual Ubicación en estantería Fecha de adquisición Fuente de adquisición Total de préstamos Signatura topográfica completa Código de barras Visto por última vez Precio de reemplazo Tipo de ítem Koha
        Biblioteca del Ateneo de Madrid Biblioteca del Ateneo de Madrid Galería 17/01/2008     C-17506 1118393 23/02/2023 23/02/2023 Libro impreso